| 000 | 00839nam a2200193 i 4500 | ||
|---|---|---|---|
| 001 | 54983 | ||
| 003 | ES-MaACL | ||
| 007 | t| | ||
| 008 | 030910s1945 mx ||||1| spa d | ||
| 100 | 1 |
_aLee, Joseph B. de. _971184 |
|
| 245 | 1 | 0 |
_aPrincipios y práctica de obstetricia / _cpor Joseph B. de Lee y J.P. Greenhill ; versión al castellano de la séptima edición por Oscar G. Carrera ; prologada y revisada por Alberto Peralta Ramos ; adaptación a la octava edición en inglés por R. Carrasco Formiguera. |
| 260 |
_aMéxico : _bUnión Tipográfica Editorial Hispano-Americana, _c1945. |
||
| 300 |
_a2 v. : _bil. ; _c26 cm. |
||
| 700 | 1 |
_aGreenhill, J. P. _959868 |
|
| 700 | 1 |
_aCarrera, Oscar G. _935633 |
|
| 700 | 1 |
_aPeralta Ramos, Alberto. _990389 |
|
| 700 | 1 |
_aCarrasco Formiguera, R. _935551 |
|
| 852 |
_aES-MaACL _jE-1672-73 _bR.22585 |
||
| 999 |
_c54983 _d54983 |
||